Odgadnij po systemie lini metra gdzie się on znajduję - Statystyki

Ogólne statystyki
  • Ten quiz został rozwiązany 9 razy
  • Średni wynik to 3 z 8
Statystyki odpowiedzi
Obrazkowy Odpowiedź % Poprawnych
Barcelona
78%
Lizbona
56%
Mediolan
44%
Seul
44%
Kopenhaga
33%
Brasilia
22%
Toronto
11%
Ateny
0%
Nie znaleziono quizów pasujących do podanych kryteriów
Rozkład punktacji
Procent ludzi z każdym wynikiem
Percentyl według liczby udzielonych odpowiedzi
Twoja historia wyników
Nie rozwiązałeś tego quizu